Statistiques concernant Personnages Marvel de A à Z (par images)

Cliquez ici pour prendre le quiz!

Statistiques générales

  • Ce quiz a été pris 2 284 fois
  • Le résultat moyen est 20 sur 26

Statistiques - réponses

Réponse% Correct
A - {Ant-Man}
98%
H - {Hulk}
98%
I - {Iron Man}
98%
B - {Black Panther}
97%
S - {Spider-Man}
96%
T - {Thor}
96%
L - {Loki}
94%
C - {Captain Marvel}
90%
G - {Gamora}
88%
V - {Vision}
88%
R - {Rocket}
85%
W - {Wanda}
84%
O - {Odin}
83%
U - {Ultron}
82%
F - {Faucon}
81%
Z - {Zeus}
78%
N - {Nebula}
76%
X - Professeur {Xavier}
73%
Q - Peter {Quill}
71%
D - {Daredevil}
69%
P - {Pepper Potts}
69%
M - {Moon Knight}
59%
Y - {Yondu}
53%
E - {Ego}
51%
J - {Jessica Jones}
41%
K - {Kamala Khan}
40%

Distribution des résultats

Percentile par nombre de réponses

% des personnes avec chaque résultat

Votre développement - résultats

Vous n’avez pas pris ce quiz